000
00246nam a2200097Ia 4500
001
777445
005
20250826165907.0
008
250824s9999 xx 000 0 und d
245
0
_a
ISSIZ ERKEKLER KOROSU
_c
CANAN TAN
260
_b
ALTIN KİTAP YAYINLARI
999
_c
777445
_d
777445